[Event "BUL-ch sf 80th"]
[Site "Plovdiv"]
[Date "2016.02.14"]
[Round "9"]
[White "Todev, Simeon"]
[Black "Nenchev, Georgi"]
[Result "1-0"]
[WhiteElo "1308"]
[BlackElo "1492"]
[PlyCount "55"]
[EventDate "2016.02.08"]
[EventType "swiss"]
[EventRounds "9"]
[EventCountry "BUL"]
[SourceTitle "CBM 170 Extra"]
[Source "ChessBase"]
[SourceDate "2016.02.25"]
[SourceVersion "1"]
[SourceVersionDate "2016.02.25"]
[SourceQuality "1"]

1. e4 e5 2. Nf3 Nc6 3. d4 exd4 4. Bc4 h6 5. Nxd4 Nxd4 6. Qxd4 d6 7. 0-0 Qf6 8. Qe3 Be6 9. Bb3 a5 10. Ba4+ Bd7 11. Bxd7+ Kxd7 12. Rd1 Re8 13. Nc3 Qe6 14. f4 Nf6 15. e5 Ng4 16. Qg3 h5 17. Ne4 b6 18. h3 Nh6 19. Be3 Nf5 20. Qf3 Nxe3 21. Qxe3 Qf5 22. Rd4 Rh6 23. Qd3 Rb8 24. Nc5+ bxc5 25. Qxf5+ Ke8 26. exd6 cxd6 27. Re4+ Be7 28. Rae1 1-0

[Event "BUL-ch sf 80th"]
[Site "Plovdiv"]
[Date "2016.02.13"]
[Round "8"]
[White "Shalamanov, Vladimir"]
[Black "Nenchev, Georgi"]
[Result "1-0"]
[WhiteElo "1695"]
[BlackElo "1492"]
[PlyCount "79"]
[EventDate "2016.02.08"]
[EventType "swiss"]
[EventRounds "9"]
[EventCountry "BUL"]
[SourceTitle "CBM 170 Extra"]
[Source "ChessBase"]
[SourceDate "2016.02.25"]
[SourceVersion "1"]
[SourceVersionDate "2016.02.25"]
[SourceQuality "1"]

1. e4 c5 2. Nf3 Nc6 3. d4 cxd4 4. Nxd4 Qa5+ 5. Nc3 Nxd4 6. Qxd4 e5 7. Qd5 Bb4 8. Bd2 Nf6 9. Qxa5 Bxa5 10. f3 0-0 11. Bc4 a6 12. Bb3 b5 13. Nd5 Bxd2+ 14. Kxd2 Nxd5 15. Bxd5 Rb8 16. Ke3 Kh8 17. Rad1 Rb6 18. Rd2 h6 19. Rhd1 Kh7 20. Bb3 f6 21. c3 h5 22. Rd6 Rb8 23. R1d2 Kh8 24. c4 a5 25. cxb5 Rxb5 26. Ba4 Rc5 27. Bxd7 Bxd7 28. Rxd7 Rfc8 29. Rd8+ Rxd8 30. Rxd8+ Kh7 31. Kd2 Kh6 32. Rd5 Rc4 33. Rxa5 Rd4+ 34. Ke2 Rc4 35. Rd5 g5 36. Kd2 g4 37. b3 gxf3 38. gxf3 Rc6 39. b4 Rc4 40. a3 1-0

[Event "BUL-ch sf 80th"]
[Site "Plovdiv"]
[Date "2016.02.12"]
[Round "7"]
[White "Nenchev, Georgi"]
[Black "Dimitrov, Dejan"]
[Result "1-0"]
[WhiteElo "1492"]
[BlackElo "2020"]
[PlyCount "73"]
[EventDate "2016.02.08"]
[EventType "swiss"]
[EventRounds "9"]
[EventCountry "BUL"]
[SourceTitle "CBM 170 Extra"]
[Source "ChessBase"]
[SourceDate "2016.02.25"]
[SourceVersion "1"]
[SourceVersionDate "2016.02.25"]
[SourceQuality "1"]

1. e4 e5 2. Nf3 Nc6 3. Bb5 Bc5 4. Bxc6 dxc6 5. 0-0 f6 6. d3 Ne7 7. Nbd2 Be6 8. a3 Qd7 9. b4 Bd4 10. Nxd4 Qxd4 11. Rb1 0-0-0 12. Bb2 Qd7 13. Qe2 g5 14. Qe3 Kb8 15. f3 Ng6 16. Bc3 h5 17. Nc4 h4 18. a4 h3 19. g3 Rdg8 20. b5 cxb5 21. Rxb5 a6 22. Rb2 Qxa4 23. Rb4 Qe8 24. Ra1 Kc8 25. Qa7 b5 26. Rxa6 Kd7 27. Nb6+ Ke7 28. Qxc7+ Kf8 29. Qd6+ Kf7 30. Ra7+ Ne7 31. Nd5 Bxd5 32. Qxd5+ Kg7 33. Rxb5 Rf8 34. Rbb7 Rf7 35. Qd7 Qxd7 36. Rxd7 Re8 37. Bb4 1-0

[Event "BUL-ch sf 80th"]
[Site "Plovdiv"]
[Date "2016.02.08"]
[Round "1"]
[White "Kolev, Atanas Tonchev"]
[Black "Nenchev, Georgi"]
[Result "1-0"]
[WhiteElo "2069"]
[BlackElo "1492"]
[PlyCount "85"]
[EventDate "2016.02.08"]
[EventType "swiss"]
[EventRounds "9"]
[EventCountry "BUL"]
[SourceTitle "CBM 170 Extra"]
[Source "ChessBase"]
[SourceDate "2016.02.25"]
[SourceVersion "1"]
[SourceVersionDate "2016.02.25"]
[SourceQuality "1"]

1. d4 Nf6 2. c4 e6 3. g3 d5 4. Nf3 c5 5. cxd5 Qxd5 6. Nc3 Qd8 7. Bg2 Be7 8. 0-0 0-0 9. Qb3 Nbd7 10. Rd1 Qb6 11. Qxb6 Nxb6 12. Bg5 cxd4 13. Nxd4 a6 14. Rac1 Nbd5 15. Nb3 Rd8 16. Nxd5 exd5 17. Bxf6 Bxf6 18. Bxd5 Re8 19. e4 Bxb2 20. Rc7 Rf8 21. Bxb7 Bg4 22. Rd2 Be5 23. Rc5 Ra7 24. Rxe5 Rxb7 25. Kg2 g6 26. f3 Bc8 27. Rc5 Rb4 28. Rc7 h5 29. h4 Kg7 30. Rdc2 Be6 31. Nc5 Rb6 32. Nxe6+ Rxe6 33. R2c6 Rxc6 34. Rxc6 Ra8 35. a4 Kf8 36. Kf2 Ke7 37. g4 hxg4 38. fxg4 f6 39. a5 Kf7 40. Kg3 Re8 41. Kf4 f5 42. exf5 gxf5 43. Kxf5 1-0